| 000 | 01173cam a2200265 4500 | ||
|---|---|---|---|
| 001 | 158 | ||
| 005 | 20181127160641.0 | ||
| 008 | 050926s2005 nyu 000 1 eng d | ||
| 020 | _a0446613355 | ||
| 020 | _a9780446613354 | ||
| 043 | _an-us-dc | ||
| 100 | 1 |
_aPatterson, James, _d1947- |
|
| 245 | 1 | 0 |
_aLondon bridges / _cJames Patterson. |
| 260 |
_aNew York : _bWarner Vision Books, _c2005. |
||
| 300 |
_a403 p. ; _c17 cm. |
||
| 500 | _a""A hero's journey: the life and times of Alex Cross"": p. [379]-389. | ||
| 500 | _a""A preview of Mary, Mary"": p. [393]-403. | ||
| 520 | _aWhen the world's largest cities are seized by terrorists who threaten to set off deadly bombs unless their demands are met, Alex Cross heads a joint investigation by the FBI, CIA, and Interpol to outmaneuver two vicious criminals known as the Weasel and the Wolf. By the author of The Big Bad Wolf. | ||
| 650 | 0 |
_aAfrican American police _vFiction. |
|
| 650 | 0 |
_aCross, Alex (Fictitious character) _vFiction. |
|
| 650 | 0 |
_aPolice _zWashington (D.C.) _vFiction. |
|
| 650 | 0 |
_aPolice psychologists _vFiction. |
|
| 650 | 0 |
_aTerrorism _xPrevention _vFiction. |
|
| 651 | 0 |
_aWashington (D.C.) _vFiction. |
|
| 999 |
_c142 _d142 |
||